A közvagyon gazdasági-számviteli kezelése a közvetett állami tulajdonú víziközmű-szolgáltatók esetében- gyakorlati kihívások és fejlesztési lehetőségek

Bibliográfiai részletek
Szerző: Nagy-Schmidt Nikolett
Dokumentumtípus: Könyv része
Megjelent: Budapesti Gazdaságtudományi Egyetem Budapest 2025
Sorozat:II. Dr. Sztanó Imre Emlékkonferencia
Tárgyszavak:
doi:10.29180/978-615-6886-22-4_8

Online Access:http://publikaciotar.uni-bge.hu/2602

MARC

LEADER 00000naa a2200000 i 4500
001 publ2602
005 20260130110755.0
008 260130s2025 hu o 000 zxx d
020 |a 978-615-6886-22-4 
024 |a 10.29180/978-615-6886-22-4_8  |2 doi 
040 |a BGE Publikációtár Repozitórium  |b hun 
100 1 |a Nagy-Schmidt Nikolett 
245 1 2 |a A közvagyon gazdasági-számviteli kezelése a közvetett állami tulajdonú víziközmű-szolgáltatók esetében- gyakorlati kihívások és fejlesztési lehetőségek  |c Nagy-Schmidt Nikolett  |h [elektronikus dokumentum] 
260 |a Budapesti Gazdaságtudományi Egyetem  |b Budapest  |c 2025 
300 |a 1-9 
490 0 |a II. Dr. Sztanó Imre Emlékkonferencia 
520 3 |a A közvagyon hatékony és transzparens kezelése kiemelt nemzetgazdasági jelentőséggel bír, különösen olyan szektorokban, ahol az állami vagy önkormányzati tulajdon közvetett formában, gazdasági társaságokon keresztül érvényesül. A víziközmű-szolgáltatók esetében e kettősség sajátos számviteli kihívásokat eredményez: a vállalkozási számvitelt alkalmazó szolgáltatók és az államháztartási számvitelt követő tulajdonosi szervezetek (pl. Nemzeti Vízművek Zrt.) közötti eltérések jelentősen befolyásolják a gazdasági tervezést, vagyonértékelést, az eszköznyilvántartást és az értékcsökkenési elszámolást. A kutatás célja a közszolgáltató víziközmű cégek számviteli és pénzügyi gyakorlatának feltárása. A vizsgálat részét képezi a rezsicsökkentés miatt rögzített árbevétel és a vagyonértékelésből fakadó amortizációs költségnövekedés közötti aránytalanság elemzése és az integráció során átvett nyilvántartás rendbe tétele is. Továbbá értékelésre kerül a 24/2023. EM rendelet szerinti ellentételezési rendszer alkalmazhatósága a szektor pénzügyi stabilitásának megőrzése szempontjából. A kutatás kvalitatív és kvantitatív módszereken alapul: esettanulmányok, interjúk, dokumentumelemzések és szcenáriómodellezés segítségével tárja fel a közvagyont érintő számviteli és szabályozási gyakorlatok hiányosságait. A várható eredmények között szerepel egy új, integrált megközelítés kialakítása a közvagyon számviteli kezelésére, valamint szakpolitikai javaslatok megfogalmazása a pénzügyi fenntarthatóság és transzparencia erősítése érdekében. 
650 4 |a közgazdaságtudományok 
856 4 0 |u https://publikaciotar.uni-bge.hu/id/eprint/2602/1/Dr.%20Sztan%C3%B3%20Imre%20Elml%C3%A9kkonferencia_konferenciak%C3%B6tet_8.pdf  |z Dokumentum-elérés